Statistics for Footballers Favourite Opponents (Most Goals Against)

Click here to take the quiz!

General Stats

  • This quiz has been taken 15 times
  • The average score is 4 of 15

Answer Stats

HintAnswer% Correct
Lionel MessiSevilla
85%
Didier DrogbaArsenal
54%
Cristiano RonaldoSevilla
54%
Andriy ShevchenkoInter Milan
38%
Gerd MüllerHamburger SV
31%
Mario GómezHannover 96
31%
Frank LampardAston Villa
23%
Robin van PersieBlackburn Rovers
23%
Fernando TorresFC Barcelona
23%
Luis SuárezValencia
23%
Alan ShearerLeeds United
15%
Francesco TottiParma
15%
Miroslav KloseHertha Berlin
8%
Thierry HenryMiddlesbrough
8%
Diego MaradonaUdinese
8%

Score Distribution

Percentile by Number Answered

Percent of People with Each Score

Your Score History

You have not taken this quiz